Concierto para metralleta :

Bewaard in:
Bibliografische gegevens
Hoofdauteur: González, Otto-Raúl, 1944-
Formaat: Onbekend
Taal:Spanish
Gepubliceerd in: México : Editorial Praxis, 1997.
Editie:1. edición
Onderwerpen:
Tags: Voeg label toe
Geen labels, Wees de eerste die dit record labelt!

MARC

LEADER 000000000a22000000004500
001 003644
020 |a 9687646551 
041 0 |a spa 
082 0 4 |a G861.4   |b G6436c 
100 1 |a González, Otto-Raúl,   |d 1944- 
245 1 0 |a Concierto para metralleta :   |c cantigas para el Che Guevara /   |c Otto-Raúl González. 
250 |a 1. edición 
260 1 |a México :   |b Editorial Praxis,   |c 1997. 
300 |a 60 páginas  
650 4 |a LITERATURA GUATEMALTECA 
650 4 |a POESIA 
999 |c 10117  |d 10117 
942 |c BK  |h G861.4 G6436c  |2 z